000 00710nam a2200253Ia 4500
003 OSt
005 20221006145043.0
006 a|||||r|||| 00| 0
007 ta
008 221006b |||||||| |||| 00| 0 eng d
020 _cP3.16
024 _a13,630
037 _cTextual
040 _aEASL
_cEASL
_beng
041 _2eng
_aeng
082 _aV49F.N6, L0
100 _aLEIFER Michael Ed.
245 0 _aNationalism revolution and evolution in South-East Asia
260 _aHull
_bInter Documention Com.
_c1970
300 _a175p.
_ccm.
490 _v Oth
_aHull Monographs on South-East Asia :2
942 _hV49F.N6, L0
_cTEXL
_2CC
999 _c1081716
_d1081716